000 00556nam a22002057a 4500
003 IT-MiCISF
005 20241029134154.0
008 241029b |||||||| |||| 00| 0 eng d
040 _cIT-MiCISF
041 _ait
100 _aUrbano Claudio
_960881
245 _aAnziani esigenti e curiosi.
_bE sempre meno "spettatori"
250 _a"Il segno", n. 3, marzo
260 _c2024
300 _app. 14-16
500 _aanziani, chiesa-locale, educazione, volontariato, esperienze
650 _aTerza-età
654 _aarticolo
942 _2ddc
_cCR
999 _c360247
_d360247